000 00472aam a2200193 4500
005 20160930142705.0
008 150608b xxu||||| |||| 00| 0 spa d
041 _aEspañol
082 _aCR 864.44 F386d
100 _aFerreto Acosta, Luis
_923861
245 _aExplosión creadora
260 _aCosta Rica
260 _bEUNED
260 _c2004
300 _a156 páginas
650 _aENSAYOS COSTARRICENSES
_923862
650 _aCOSTA RICA
_923863
942 _cBK
999 _c1229
_d1229